Statistics for Countries with the Most U.S. Consulates

Click here to take the quiz!

General Stats

  • This quiz has been taken 79 times
  • The average score is 13 of 14

Answers on the Map

Answers color-coded by a green-red scale on the quiz's map according to % correct below.
 

Answer Stats

# ConsulatesAnswer% Correct
3Australia
100%
4Brazil
100%
7Canada
100%
6France
100%
4India
100%
9Mexico
100%
3United Kingdom
100%
6China
98%
5Germany
98%
5Japan
97%
3Italy
92%
3South Africa
73%
3Indonesia
71%
3Pakistan
37%

Score Distribution

Percentile by Number Answered

Percent of People with Each Score

Your Score History

You have not taken this quiz